Guess the State for the given City #2 - Statistics

General Stats
  • This quiz has been taken 17 times
  • The average score is 17 of 20
Answer Stats
Hint Answer % Correct
Fresno California
100%
Akron Ohio
93%
Chattanooga Tennessee
93%
Waco Texas
93%
Spokane Washington
93%
Fairbanks Alaska
87%
St. Petersburg Florida
87%
Fort Wayne Indiana
87%
Reno Nevada
87%
Myrtle Beach South Carolina
87%
Peoria Illinois
80%
Cedar Rapids Iowa
80%
Worcester Massachusetts
80%
Durham North Carolina
80%
Hot Springs Arkansas
73%
Durango Colorado
73%
Twin Falls Idaho
73%
Hagerstown Maryland
73%
Binghamton New York
67%
Pawtucket Rhode Island
67%
No matching quizzes found
Score Distribution
Percent of People with Each Score
Percentile by Number Answered
Your Score History
You have not taken this quiz